<?xml version="1.0" encoding="UTF-8"?>
<record
    xmlns:xsi="http://www.w3.org/2001/XMLSchema-instance"
    xsi:schemaLocation="http://www.loc.gov/MARC21/slim http://www.loc.gov/standards/marcxml/schema/MARC21slim.xsd"
    xmlns="http://www.loc.gov/MARC21/slim">

  <leader>01077nas a2200325Ia 4500</leader>
  <controlfield tag="001">26</controlfield>
  <controlfield tag="003">CO-MdFUSB</controlfield>
  <controlfield tag="005">20170308115658.0</controlfield>
  <controlfield tag="008">151030s9999    xxu           000 0 spa d</controlfield>
  <datafield tag="022" ind1=" " ind2=" ">
    <subfield code="a">1526-6885</subfield>
  </datafield>
  <datafield tag="037" ind1=" " ind2=" ">
    <subfield code="b">Unidad de Servicios de Publicaciones para las Am&#xE9;ricas</subfield>
  </datafield>
  <datafield tag="040" ind1=" " ind2=" ">
    <subfield code="a">CO-MdFUSB</subfield>
    <subfield code="b">spa</subfield>
    <subfield code="c">CO-MdFUSB</subfield>
    <subfield code="d">CO-MdFUSB</subfield>
    <subfield code="e">rda</subfield>
  </datafield>
  <datafield tag="041" ind1="0" ind2=" ">
    <subfield code="a">spa</subfield>
    <subfield code="h">spa</subfield>
  </datafield>
  <datafield tag="245" ind1="1" ind2="0">
    <subfield code="a">La Biblia en las Am&#xE9;ricas</subfield>
    <subfield code="c">Unidad de Servicios de Publicaciones para las Am&#xE9;ricas</subfield>
  </datafield>
  <datafield tag="260" ind1=" " ind2=" ">
    <subfield code="a">Miami</subfield>
  </datafield>
  <datafield tag="264" ind1=" " ind2=" ">
    <subfield code="a">Miami, Estados Unidos de Am&#xE9;rica :</subfield>
    <subfield code="b">Unidad de Servicios de Publicaciones para las Am&#xE9;ricas</subfield>
  </datafield>
  <datafield tag="300" ind1=" " ind2=" ">
    <subfield code="a">Volumen  46 - 64</subfield>
    <subfield code="c">27 cm. </subfield>
  </datafield>
  <datafield tag="310" ind1=" " ind2=" ">
    <subfield code="a">No aplica</subfield>
  </datafield>
  <datafield tag="321" ind1=" " ind2=" ">
    <subfield code="a">1991</subfield>
  </datafield>
  <datafield tag="336" ind1=" " ind2=" ">
    <subfield code="2">rdacontent</subfield>
    <subfield code="a">1</subfield>
    <subfield code="b">a1</subfield>
  </datafield>
  <datafield tag="337" ind1=" " ind2=" ">
    <subfield code="2">rdamedia</subfield>
    <subfield code="a">2</subfield>
    <subfield code="b">5</subfield>
  </datafield>
  <datafield tag="338" ind1=" " ind2=" ">
    <subfield code="a">2</subfield>
  </datafield>
  <datafield tag="362" ind1=" " ind2=" ">
    <subfield code="a">1991 - 2009</subfield>
  </datafield>
  <datafield tag="500" ind1=" " ind2=" ">
    <subfield code="a">T&#xED;tulo posterior a La Biblia en Am&#xE9;rica Latina</subfield>
  </datafield>
  <datafield tag="546" ind1=" " ind2=" ">
    <subfield code="a">Texto en espa&#xF1;ol</subfield>
  </datafield>
  <datafield tag="650" ind1=" " ind2=" ">
    <subfield code="v">Publicaciones seriadas</subfield>
  </datafield>
  <datafield tag="773" ind1=" " ind2=" ">
    <subfield code="d">Miami, Estados Unidos : Unidad de Servicios de Publicaciones para las Am&#xE9;ricas, 1991</subfield>
  </datafield>
  <datafield tag="810" ind1=" " ind2=" ">
    <subfield code="h">Revista</subfield>
  </datafield>
  <datafield tag="942" ind1=" " ind2=" ">
    <subfield code="c">CR</subfield>
    <subfield code="2">ddc</subfield>
    <subfield code="a">3</subfield>
  </datafield>
  <datafield tag="952" ind1=" " ind2=" ">
    <subfield code="0">0</subfield>
    <subfield code="1">0</subfield>
    <subfield code="4">0</subfield>
    <subfield code="7">0</subfield>
    <subfield code="8">HEM</subfield>
    <subfield code="9">60727</subfield>
    <subfield code="a">FUSBC</subfield>
    <subfield code="b">FUSBC</subfield>
    <subfield code="c">REV</subfield>
    <subfield code="d">2004-10-05</subfield>
    <subfield code="h">Volumen 59, N&#xFA;mero 269, (2004)</subfield>
    <subfield code="l">0</subfield>
    <subfield code="o"> </subfield>
    <subfield code="p">R0800</subfield>
    <subfield code="r">2019-12-12 00:00:00</subfield>
    <subfield code="t">Ej. 1</subfield>
    <subfield code="y">CR</subfield>
    <subfield code="I">INV2023</subfield>
  </datafield>
  <datafield tag="952" ind1=" " ind2=" ">
    <subfield code="0">0</subfield>
    <subfield code="1">0</subfield>
    <subfield code="4">0</subfield>
    <subfield code="7">0</subfield>
    <subfield code="8">HEM</subfield>
    <subfield code="9">60728</subfield>
    <subfield code="a">FUSBC</subfield>
    <subfield code="b">FUSBC</subfield>
    <subfield code="c">REV</subfield>
    <subfield code="d">2004-09-29</subfield>
    <subfield code="h">Volumen 58, N&#xFA;mero 265, (2003)</subfield>
    <subfield code="l">0</subfield>
    <subfield code="o"> </subfield>
    <subfield code="p">R0799</subfield>
    <subfield code="r">2019-12-12 00:00:00</subfield>
    <subfield code="t">Ej. 1</subfield>
    <subfield code="y">CR</subfield>
    <subfield code="I">INV2023</subfield>
  </datafield>
  <datafield tag="952" ind1=" " ind2=" ">
    <subfield code="0">0</subfield>
    <subfield code="1">0</subfield>
    <subfield code="4">0</subfield>
    <subfield code="7">0</subfield>
    <subfield code="8">HEM</subfield>
    <subfield code="9">60729</subfield>
    <subfield code="a">FUSBC</subfield>
    <subfield code="b">FUSBC</subfield>
    <subfield code="c">REV</subfield>
    <subfield code="d">2004-09-29</subfield>
    <subfield code="h">Volumen 58, N&#xFA;mero 264, (2003)</subfield>
    <subfield code="l">0</subfield>
    <subfield code="o"> </subfield>
    <subfield code="p">R0798</subfield>
    <subfield code="r">2019-12-12 00:00:00</subfield>
    <subfield code="t">Ej. 1</subfield>
    <subfield code="y">CR</subfield>
    <subfield code="I">INV2023</subfield>
  </datafield>
  <datafield tag="952" ind1=" " ind2=" ">
    <subfield code="0">0</subfield>
    <subfield code="1">0</subfield>
    <subfield code="4">0</subfield>
    <subfield code="7">0</subfield>
    <subfield code="8">HEM</subfield>
    <subfield code="9">60730</subfield>
    <subfield code="a">FUSBC</subfield>
    <subfield code="b">FUSBC</subfield>
    <subfield code="c">REV</subfield>
    <subfield code="d">2004-09-29</subfield>
    <subfield code="h">Volumen 58, N&#xFA;mero 263, (2003)</subfield>
    <subfield code="l">0</subfield>
    <subfield code="o"> </subfield>
    <subfield code="p">R0797</subfield>
    <subfield code="r">2019-12-12 00:00:00</subfield>
    <subfield code="t">Ej. 1</subfield>
    <subfield code="y">CR</subfield>
    <subfield code="I">INV2023</subfield>
  </datafield>
  <datafield tag="952" ind1=" " ind2=" ">
    <subfield code="0">0</subfield>
    <subfield code="1">0</subfield>
    <subfield code="4">0</subfield>
    <subfield code="7">0</subfield>
    <subfield code="8">HEM</subfield>
    <subfield code="9">60731</subfield>
    <subfield code="a">FUSBC</subfield>
    <subfield code="b">FUSBC</subfield>
    <subfield code="c">REV</subfield>
    <subfield code="d">2004-09-29</subfield>
    <subfield code="h">Volumen 58, N&#xFA;mero 262, (2003)</subfield>
    <subfield code="l">0</subfield>
    <subfield code="o"> </subfield>
    <subfield code="p">R0796</subfield>
    <subfield code="r">2019-12-12 00:00:00</subfield>
    <subfield code="t">Ej. 1</subfield>
    <subfield code="y">CR</subfield>
    <subfield code="I">INV2023</subfield>
  </datafield>
  <datafield tag="952" ind1=" " ind2=" ">
    <subfield code="0">0</subfield>
    <subfield code="1">0</subfield>
    <subfield code="4">0</subfield>
    <subfield code="7">0</subfield>
    <subfield code="8">HEM</subfield>
    <subfield code="9">60732</subfield>
    <subfield code="a">FUSBC</subfield>
    <subfield code="b">FUSBC</subfield>
    <subfield code="c">REV</subfield>
    <subfield code="d">2004-09-29</subfield>
    <subfield code="h">Volumen 57, N&#xFA;mero 261, (2002)</subfield>
    <subfield code="l">0</subfield>
    <subfield code="o"> </subfield>
    <subfield code="p">R0795</subfield>
    <subfield code="r">2019-12-12 00:00:00</subfield>
    <subfield code="t">Ej. 1</subfield>
    <subfield code="y">CR</subfield>
    <subfield code="I">INV2023</subfield>
  </datafield>
  <datafield tag="952" ind1=" " ind2=" ">
    <subfield code="0">0</subfield>
    <subfield code="1">0</subfield>
    <subfield code="4">0</subfield>
    <subfield code="7">0</subfield>
    <subfield code="8">HEM</subfield>
    <subfield code="9">60733</subfield>
    <subfield code="a">FUSBC</subfield>
    <subfield code="b">FUSBC</subfield>
    <subfield code="c">REV</subfield>
    <subfield code="d">2004-09-29</subfield>
    <subfield code="h">Volumen 57, N&#xFA;mero 260, (2002)</subfield>
    <subfield code="l">0</subfield>
    <subfield code="o"> </subfield>
    <subfield code="p">R0794</subfield>
    <subfield code="r">2019-12-12 00:00:00</subfield>
    <subfield code="t">Ej. 1</subfield>
    <subfield code="y">CR</subfield>
    <subfield code="I">INV2023</subfield>
  </datafield>
  <datafield tag="952" ind1=" " ind2=" ">
    <subfield code="0">0</subfield>
    <subfield code="1">0</subfield>
    <subfield code="4">0</subfield>
    <subfield code="7">0</subfield>
    <subfield code="8">HEM</subfield>
    <subfield code="9">60734</subfield>
    <subfield code="a">FUSBC</subfield>
    <subfield code="b">FUSBC</subfield>
    <subfield code="c">REV</subfield>
    <subfield code="d">2004-09-29</subfield>
    <subfield code="h">Volumen 57, N&#xFA;mero 258, (2002)</subfield>
    <subfield code="l">0</subfield>
    <subfield code="o"> </subfield>
    <subfield code="p">R0793</subfield>
    <subfield code="r">2019-12-12 00:00:00</subfield>
    <subfield code="t">Ej. 1</subfield>
    <subfield code="y">CR</subfield>
    <subfield code="I">INV2023</subfield>
  </datafield>
  <datafield tag="952" ind1=" " ind2=" ">
    <subfield code="0">0</subfield>
    <subfield code="1">0</subfield>
    <subfield code="4">0</subfield>
    <subfield code="7">0</subfield>
    <subfield code="8">HEM</subfield>
    <subfield code="9">60735</subfield>
    <subfield code="a">FUSBC</subfield>
    <subfield code="b">FUSBC</subfield>
    <subfield code="c">REV</subfield>
    <subfield code="d">2004-09-29</subfield>
    <subfield code="h">Volumen 57, N&#xFA;mero 257, (2002)</subfield>
    <subfield code="l">0</subfield>
    <subfield code="o"> </subfield>
    <subfield code="p">R0792</subfield>
    <subfield code="r">2019-12-12 00:00:00</subfield>
    <subfield code="t">Ej. 1</subfield>
    <subfield code="y">CR</subfield>
    <subfield code="I">INV2023</subfield>
  </datafield>
  <datafield tag="952" ind1=" " ind2=" ">
    <subfield code="0">0</subfield>
    <subfield code="1">0</subfield>
    <subfield code="4">0</subfield>
    <subfield code="7">0</subfield>
    <subfield code="8">HEM</subfield>
    <subfield code="9">60736</subfield>
    <subfield code="a">FUSBC</subfield>
    <subfield code="b">FUSBC</subfield>
    <subfield code="c">REV</subfield>
    <subfield code="d">2004-09-29</subfield>
    <subfield code="h">Volumen 57, N&#xFA;mero 256, (2002)</subfield>
    <subfield code="l">0</subfield>
    <subfield code="o"> </subfield>
    <subfield code="p">R0791</subfield>
    <subfield code="r">2019-12-12 00:00:00</subfield>
    <subfield code="t">Ej. 1</subfield>
    <subfield code="y">CR</subfield>
    <subfield code="I">INV2023</subfield>
  </datafield>
  <datafield tag="952" ind1=" " ind2=" ">
    <subfield code="0">0</subfield>
    <subfield code="1">0</subfield>
    <subfield code="4">0</subfield>
    <subfield code="7">0</subfield>
    <subfield code="8">HEM</subfield>
    <subfield code="9">60737</subfield>
    <subfield code="a">FUSBC</subfield>
    <subfield code="b">FUSBC</subfield>
    <subfield code="d">2004-09-29</subfield>
    <subfield code="h">A&#xF1;o 2001. Volumen 56. Numero 255</subfield>
    <subfield code="l">0</subfield>
    <subfield code="o"> </subfield>
    <subfield code="p">R800</subfield>
    <subfield code="r">2018-12-04 00:00:00</subfield>
    <subfield code="w">2016-01-26</subfield>
    <subfield code="y">CR</subfield>
    <subfield code="A">11</subfield>
    <subfield code="D">2001</subfield>
    <subfield code="E">56</subfield>
    <subfield code="F">255</subfield>
    <subfield code="I">INV2018</subfield>
  </datafield>
  <datafield tag="952" ind1=" " ind2=" ">
    <subfield code="0">0</subfield>
    <subfield code="1">0</subfield>
    <subfield code="4">0</subfield>
    <subfield code="7">0</subfield>
    <subfield code="8">HEM</subfield>
    <subfield code="9">60738</subfield>
    <subfield code="a">FUSBC</subfield>
    <subfield code="b">FUSBC</subfield>
    <subfield code="d">2004-09-29</subfield>
    <subfield code="h">A&#xF1;o 2001. Volumen 56. Numero 254</subfield>
    <subfield code="l">0</subfield>
    <subfield code="o"> </subfield>
    <subfield code="p">R799</subfield>
    <subfield code="r">2018-12-04 00:00:00</subfield>
    <subfield code="w">2016-01-26</subfield>
    <subfield code="y">CR</subfield>
    <subfield code="A">11</subfield>
    <subfield code="D">2001</subfield>
    <subfield code="E">56</subfield>
    <subfield code="F">254</subfield>
    <subfield code="I">INV2018</subfield>
  </datafield>
  <datafield tag="952" ind1=" " ind2=" ">
    <subfield code="0">0</subfield>
    <subfield code="1">0</subfield>
    <subfield code="4">0</subfield>
    <subfield code="7">0</subfield>
    <subfield code="8">HEM</subfield>
    <subfield code="9">60739</subfield>
    <subfield code="a">FUSBC</subfield>
    <subfield code="b">FUSBC</subfield>
    <subfield code="d">2004-09-29</subfield>
    <subfield code="h">A&#xF1;o 2001. Volumen 56. Numero 253</subfield>
    <subfield code="l">0</subfield>
    <subfield code="o"> </subfield>
    <subfield code="p">R798</subfield>
    <subfield code="r">2018-12-04 00:00:00</subfield>
    <subfield code="w">2016-01-26</subfield>
    <subfield code="y">CR</subfield>
    <subfield code="A">11</subfield>
    <subfield code="D">2001</subfield>
    <subfield code="E">56</subfield>
    <subfield code="F">253</subfield>
    <subfield code="I">INV2018</subfield>
  </datafield>
  <datafield tag="952" ind1=" " ind2=" ">
    <subfield code="0">0</subfield>
    <subfield code="1">0</subfield>
    <subfield code="4">0</subfield>
    <subfield code="7">0</subfield>
    <subfield code="8">HEM</subfield>
    <subfield code="9">60740</subfield>
    <subfield code="a">FUSBC</subfield>
    <subfield code="b">FUSBC</subfield>
    <subfield code="d">2004-09-29</subfield>
    <subfield code="h">A&#xF1;o 2001. Volumen 56. Numero 252</subfield>
    <subfield code="l">0</subfield>
    <subfield code="o"> </subfield>
    <subfield code="p">R797</subfield>
    <subfield code="r">2018-12-04 00:00:00</subfield>
    <subfield code="w">2016-01-26</subfield>
    <subfield code="y">CR</subfield>
    <subfield code="A">11</subfield>
    <subfield code="D">2001</subfield>
    <subfield code="E">56</subfield>
    <subfield code="F">252</subfield>
    <subfield code="I">INV2018</subfield>
  </datafield>
  <datafield tag="952" ind1=" " ind2=" ">
    <subfield code="0">0</subfield>
    <subfield code="1">0</subfield>
    <subfield code="4">0</subfield>
    <subfield code="7">0</subfield>
    <subfield code="8">HEM</subfield>
    <subfield code="9">60741</subfield>
    <subfield code="a">FUSBC</subfield>
    <subfield code="b">FUSBC</subfield>
    <subfield code="c">REV</subfield>
    <subfield code="d">2004-09-29</subfield>
    <subfield code="h">Tomo 5, Volumen 56, (2001)</subfield>
    <subfield code="l">0</subfield>
    <subfield code="o"> </subfield>
    <subfield code="p">R0782</subfield>
    <subfield code="r">2019-12-12 00:00:00</subfield>
    <subfield code="t">Ej. 1</subfield>
    <subfield code="y">CR</subfield>
    <subfield code="I">INV2023</subfield>
  </datafield>
  <datafield tag="952" ind1=" " ind2=" ">
    <subfield code="0">0</subfield>
    <subfield code="1">0</subfield>
    <subfield code="4">0</subfield>
    <subfield code="7">0</subfield>
    <subfield code="8">HEM</subfield>
    <subfield code="9">60742</subfield>
    <subfield code="a">FUSBC</subfield>
    <subfield code="b">FUSBC</subfield>
    <subfield code="d">2004-09-29</subfield>
    <subfield code="h">A&#xF1;o 2000. Volumen 55. Numero 250</subfield>
    <subfield code="l">0</subfield>
    <subfield code="o"> </subfield>
    <subfield code="p">R795</subfield>
    <subfield code="r">2018-12-04 00:00:00</subfield>
    <subfield code="w">2016-01-26</subfield>
    <subfield code="y">CR</subfield>
    <subfield code="A">11</subfield>
    <subfield code="D">2000</subfield>
    <subfield code="E">55</subfield>
    <subfield code="F">250</subfield>
    <subfield code="I">INV2018</subfield>
  </datafield>
  <datafield tag="952" ind1=" " ind2=" ">
    <subfield code="0">0</subfield>
    <subfield code="1">0</subfield>
    <subfield code="4">0</subfield>
    <subfield code="7">0</subfield>
    <subfield code="8">HEM</subfield>
    <subfield code="9">60743</subfield>
    <subfield code="a">FUSBC</subfield>
    <subfield code="b">FUSBC</subfield>
    <subfield code="d">2004-09-29</subfield>
    <subfield code="h">A&#xF1;o 2000. Volumen 55. Numero 249</subfield>
    <subfield code="l">0</subfield>
    <subfield code="o"> </subfield>
    <subfield code="p">R794</subfield>
    <subfield code="r">2018-12-04 00:00:00</subfield>
    <subfield code="w">2016-01-26</subfield>
    <subfield code="y">CR</subfield>
    <subfield code="A">11</subfield>
    <subfield code="D">2000</subfield>
    <subfield code="E">55</subfield>
    <subfield code="F">249</subfield>
    <subfield code="I">INV2018</subfield>
  </datafield>
  <datafield tag="952" ind1=" " ind2=" ">
    <subfield code="0">0</subfield>
    <subfield code="1">0</subfield>
    <subfield code="4">0</subfield>
    <subfield code="7">0</subfield>
    <subfield code="8">HEM</subfield>
    <subfield code="9">60744</subfield>
    <subfield code="a">FUSBC</subfield>
    <subfield code="b">FUSBC</subfield>
    <subfield code="d">2004-09-29</subfield>
    <subfield code="h">A&#xF1;o 2000. Volumen 55. Numero 248</subfield>
    <subfield code="l">0</subfield>
    <subfield code="o"> </subfield>
    <subfield code="p">R793</subfield>
    <subfield code="r">2018-12-04 00:00:00</subfield>
    <subfield code="w">2016-01-26</subfield>
    <subfield code="y">CR</subfield>
    <subfield code="A">11</subfield>
    <subfield code="D">2000</subfield>
    <subfield code="E">55</subfield>
    <subfield code="F">248</subfield>
    <subfield code="I">INV2018</subfield>
  </datafield>
  <datafield tag="952" ind1=" " ind2=" ">
    <subfield code="0">0</subfield>
    <subfield code="1">0</subfield>
    <subfield code="4">0</subfield>
    <subfield code="7">0</subfield>
    <subfield code="8">HEM</subfield>
    <subfield code="9">60745</subfield>
    <subfield code="a">FUSBC</subfield>
    <subfield code="b">FUSBC</subfield>
    <subfield code="d">2004-09-29</subfield>
    <subfield code="h">A&#xF1;o 2000. Volumen 55. Numero 247</subfield>
    <subfield code="l">0</subfield>
    <subfield code="o"> </subfield>
    <subfield code="p">R792</subfield>
    <subfield code="r">2018-12-04 00:00:00</subfield>
    <subfield code="w">2016-01-26</subfield>
    <subfield code="y">CR</subfield>
    <subfield code="A">11</subfield>
    <subfield code="D">2000</subfield>
    <subfield code="E">55</subfield>
    <subfield code="F">247</subfield>
    <subfield code="I">INV2018</subfield>
  </datafield>
  <datafield tag="952" ind1=" " ind2=" ">
    <subfield code="0">0</subfield>
    <subfield code="1">0</subfield>
    <subfield code="4">0</subfield>
    <subfield code="7">0</subfield>
    <subfield code="8">HEM</subfield>
    <subfield code="9">60746</subfield>
    <subfield code="a">FUSBC</subfield>
    <subfield code="b">FUSBC</subfield>
    <subfield code="d">2004-09-29</subfield>
    <subfield code="h">A&#xF1;o 2000. Volumen 55. Numero 246</subfield>
    <subfield code="l">0</subfield>
    <subfield code="o"> </subfield>
    <subfield code="p">R791</subfield>
    <subfield code="r">2018-12-04 00:00:00</subfield>
    <subfield code="w">2016-01-26</subfield>
    <subfield code="y">CR</subfield>
    <subfield code="A">11</subfield>
    <subfield code="D">2000</subfield>
    <subfield code="E">55</subfield>
    <subfield code="F">246</subfield>
    <subfield code="I">INV2018</subfield>
  </datafield>
  <datafield tag="952" ind1=" " ind2=" ">
    <subfield code="0">0</subfield>
    <subfield code="1">0</subfield>
    <subfield code="4">0</subfield>
    <subfield code="7">0</subfield>
    <subfield code="8">HEM</subfield>
    <subfield code="9">60747</subfield>
    <subfield code="a">FUSBC</subfield>
    <subfield code="b">FUSBC</subfield>
    <subfield code="c">REV</subfield>
    <subfield code="d">2004-09-29</subfield>
    <subfield code="h">Tomo 4, Volumen 55, (2000)</subfield>
    <subfield code="l">1</subfield>
    <subfield code="o"> </subfield>
    <subfield code="p">R0781</subfield>
    <subfield code="r">2019-12-12 00:00:00</subfield>
    <subfield code="s">2019-05-20</subfield>
    <subfield code="t">Ej. 1</subfield>
    <subfield code="y">CR</subfield>
    <subfield code="I">INV2023</subfield>
  </datafield>
  <datafield tag="952" ind1=" " ind2=" ">
    <subfield code="0">0</subfield>
    <subfield code="1">0</subfield>
    <subfield code="4">0</subfield>
    <subfield code="7">0</subfield>
    <subfield code="8">HEM</subfield>
    <subfield code="9">60748</subfield>
    <subfield code="a">FUSBC</subfield>
    <subfield code="b">FUSBC</subfield>
    <subfield code="d">2004-09-29</subfield>
    <subfield code="h">A&#xF1;o 1999. Volumen 54. Numero 244</subfield>
    <subfield code="l">0</subfield>
    <subfield code="o"> </subfield>
    <subfield code="p">R789</subfield>
    <subfield code="r">2018-12-04 00:00:00</subfield>
    <subfield code="w">2016-01-26</subfield>
    <subfield code="y">CR</subfield>
    <subfield code="A">11</subfield>
    <subfield code="D">1999</subfield>
    <subfield code="E">54</subfield>
    <subfield code="F">244</subfield>
    <subfield code="I">INV2018</subfield>
  </datafield>
  <datafield tag="952" ind1=" " ind2=" ">
    <subfield code="0">0</subfield>
    <subfield code="1">0</subfield>
    <subfield code="4">0</subfield>
    <subfield code="7">0</subfield>
    <subfield code="8">HEM</subfield>
    <subfield code="9">60749</subfield>
    <subfield code="a">FUSBC</subfield>
    <subfield code="b">FUSBC</subfield>
    <subfield code="d">2004-09-29</subfield>
    <subfield code="h">A&#xF1;o 1999. Volumen 54. Numero 243</subfield>
    <subfield code="l">0</subfield>
    <subfield code="o"> </subfield>
    <subfield code="p">R788</subfield>
    <subfield code="r">2018-12-04 00:00:00</subfield>
    <subfield code="w">2016-01-26</subfield>
    <subfield code="y">CR</subfield>
    <subfield code="A">11</subfield>
    <subfield code="D">1999</subfield>
    <subfield code="E">54</subfield>
    <subfield code="F">243</subfield>
    <subfield code="I">INV2018</subfield>
  </datafield>
  <datafield tag="952" ind1=" " ind2=" ">
    <subfield code="0">0</subfield>
    <subfield code="1">0</subfield>
    <subfield code="4">0</subfield>
    <subfield code="7">0</subfield>
    <subfield code="8">HEM</subfield>
    <subfield code="9">60750</subfield>
    <subfield code="a">FUSBC</subfield>
    <subfield code="b">FUSBC</subfield>
    <subfield code="d">2004-09-29</subfield>
    <subfield code="h">A&#xF1;o 1999. Volumen 54. Numero 242</subfield>
    <subfield code="l">0</subfield>
    <subfield code="o"> </subfield>
    <subfield code="p">R787</subfield>
    <subfield code="r">2018-12-04 00:00:00</subfield>
    <subfield code="w">2016-01-26</subfield>
    <subfield code="y">CR</subfield>
    <subfield code="A">11</subfield>
    <subfield code="D">1999</subfield>
    <subfield code="E">54</subfield>
    <subfield code="F">242</subfield>
    <subfield code="I">INV2018</subfield>
  </datafield>
  <datafield tag="952" ind1=" " ind2=" ">
    <subfield code="0">0</subfield>
    <subfield code="1">0</subfield>
    <subfield code="4">0</subfield>
    <subfield code="7">0</subfield>
    <subfield code="8">HEM</subfield>
    <subfield code="9">60751</subfield>
    <subfield code="a">FUSBC</subfield>
    <subfield code="b">FUSBC</subfield>
    <subfield code="d">2004-09-29</subfield>
    <subfield code="h">A&#xF1;o 1999. Volumen 54. Numero 241</subfield>
    <subfield code="l">0</subfield>
    <subfield code="o"> </subfield>
    <subfield code="p">R786</subfield>
    <subfield code="r">2018-12-04 00:00:00</subfield>
    <subfield code="w">2016-01-26</subfield>
    <subfield code="y">CR</subfield>
    <subfield code="A">11</subfield>
    <subfield code="D">1999</subfield>
    <subfield code="E">54</subfield>
    <subfield code="F">241</subfield>
    <subfield code="I">INV2018</subfield>
  </datafield>
  <datafield tag="952" ind1=" " ind2=" ">
    <subfield code="0">0</subfield>
    <subfield code="1">0</subfield>
    <subfield code="4">0</subfield>
    <subfield code="7">0</subfield>
    <subfield code="8">HEM</subfield>
    <subfield code="9">60752</subfield>
    <subfield code="a">FUSBC</subfield>
    <subfield code="b">FUSBC</subfield>
    <subfield code="d">2004-09-29</subfield>
    <subfield code="h">A&#xF1;o 1999. Volumen 54. Numero 240</subfield>
    <subfield code="l">0</subfield>
    <subfield code="o"> </subfield>
    <subfield code="p">R785</subfield>
    <subfield code="r">2018-12-04 00:00:00</subfield>
    <subfield code="w">2016-01-26</subfield>
    <subfield code="y">CR</subfield>
    <subfield code="A">11</subfield>
    <subfield code="D">1999</subfield>
    <subfield code="E">54</subfield>
    <subfield code="F">240</subfield>
    <subfield code="I">INV2018</subfield>
  </datafield>
  <datafield tag="952" ind1=" " ind2=" ">
    <subfield code="0">0</subfield>
    <subfield code="1">0</subfield>
    <subfield code="4">0</subfield>
    <subfield code="7">0</subfield>
    <subfield code="8">HEM</subfield>
    <subfield code="9">60753</subfield>
    <subfield code="a">FUSBC</subfield>
    <subfield code="b">FUSBC</subfield>
    <subfield code="c">REV</subfield>
    <subfield code="d">2004-09-29</subfield>
    <subfield code="h">Tomo 3, Volumen 54, (1999)</subfield>
    <subfield code="l">0</subfield>
    <subfield code="o"> </subfield>
    <subfield code="p">R0780</subfield>
    <subfield code="r">2024-05-04 00:00:00</subfield>
    <subfield code="t">Ej. 1</subfield>
    <subfield code="y">CR</subfield>
    <subfield code="I">INV2023</subfield>
  </datafield>
  <datafield tag="952" ind1=" " ind2=" ">
    <subfield code="0">0</subfield>
    <subfield code="1">0</subfield>
    <subfield code="4">0</subfield>
    <subfield code="7">0</subfield>
    <subfield code="8">HEM</subfield>
    <subfield code="9">60754</subfield>
    <subfield code="a">FUSBC</subfield>
    <subfield code="b">FUSBC</subfield>
    <subfield code="d">2004-09-29</subfield>
    <subfield code="h">A&#xF1;o 1998. Volumen 53. Numero 238</subfield>
    <subfield code="l">0</subfield>
    <subfield code="o"> </subfield>
    <subfield code="p">R783</subfield>
    <subfield code="r">2018-12-04 00:00:00</subfield>
    <subfield code="w">2016-01-26</subfield>
    <subfield code="y">CR</subfield>
    <subfield code="A">11</subfield>
    <subfield code="D">1998</subfield>
    <subfield code="E">53</subfield>
    <subfield code="F">238</subfield>
    <subfield code="I">INV2018</subfield>
  </datafield>
  <datafield tag="952" ind1=" " ind2=" ">
    <subfield code="0">0</subfield>
    <subfield code="1">0</subfield>
    <subfield code="4">0</subfield>
    <subfield code="7">0</subfield>
    <subfield code="8">HEM</subfield>
    <subfield code="9">60755</subfield>
    <subfield code="a">FUSBC</subfield>
    <subfield code="b">FUSBC</subfield>
    <subfield code="d">2004-09-29</subfield>
    <subfield code="h">A&#xF1;o 1998. Volumen 53. Numero 237</subfield>
    <subfield code="l">0</subfield>
    <subfield code="o"> </subfield>
    <subfield code="p">R782</subfield>
    <subfield code="r">2018-12-04 00:00:00</subfield>
    <subfield code="w">2016-01-26</subfield>
    <subfield code="y">CR</subfield>
    <subfield code="A">11</subfield>
    <subfield code="D">1998</subfield>
    <subfield code="E">53</subfield>
    <subfield code="F">237</subfield>
    <subfield code="I">INV2018</subfield>
  </datafield>
  <datafield tag="952" ind1=" " ind2=" ">
    <subfield code="0">0</subfield>
    <subfield code="1">0</subfield>
    <subfield code="4">0</subfield>
    <subfield code="7">0</subfield>
    <subfield code="8">HEM</subfield>
    <subfield code="9">60756</subfield>
    <subfield code="a">FUSBC</subfield>
    <subfield code="b">FUSBC</subfield>
    <subfield code="d">2004-09-29</subfield>
    <subfield code="h">A&#xF1;o 1998. Volumen 53. Numero 236</subfield>
    <subfield code="l">0</subfield>
    <subfield code="o"> </subfield>
    <subfield code="p">R781</subfield>
    <subfield code="r">2018-12-04 00:00:00</subfield>
    <subfield code="w">2016-01-26</subfield>
    <subfield code="y">CR</subfield>
    <subfield code="A">11</subfield>
    <subfield code="D">1998</subfield>
    <subfield code="E">53</subfield>
    <subfield code="F">236</subfield>
    <subfield code="I">INV2018</subfield>
  </datafield>
  <datafield tag="952" ind1=" " ind2=" ">
    <subfield code="0">0</subfield>
    <subfield code="1">0</subfield>
    <subfield code="4">0</subfield>
    <subfield code="7">0</subfield>
    <subfield code="8">HEM</subfield>
    <subfield code="9">60757</subfield>
    <subfield code="a">FUSBC</subfield>
    <subfield code="b">FUSBC</subfield>
    <subfield code="d">2004-09-29</subfield>
    <subfield code="h">A&#xF1;o 1998. Volumen 53. Numero 235</subfield>
    <subfield code="l">0</subfield>
    <subfield code="o"> </subfield>
    <subfield code="p">R780</subfield>
    <subfield code="r">2018-12-04 00:00:00</subfield>
    <subfield code="w">2016-01-26</subfield>
    <subfield code="y">CR</subfield>
    <subfield code="A">11</subfield>
    <subfield code="D">1998</subfield>
    <subfield code="E">53</subfield>
    <subfield code="F">235</subfield>
    <subfield code="I">INV2018</subfield>
  </datafield>
  <datafield tag="952" ind1=" " ind2=" ">
    <subfield code="0">0</subfield>
    <subfield code="1">0</subfield>
    <subfield code="4">0</subfield>
    <subfield code="7">0</subfield>
    <subfield code="8">HEM</subfield>
    <subfield code="9">60758</subfield>
    <subfield code="a">FUSBC</subfield>
    <subfield code="b">FUSBC</subfield>
    <subfield code="d">2004-09-29</subfield>
    <subfield code="h">A&#xF1;o 1998. Volumen 53. Numero 234</subfield>
    <subfield code="l">0</subfield>
    <subfield code="o"> </subfield>
    <subfield code="p">R779</subfield>
    <subfield code="r">2018-12-04 00:00:00</subfield>
    <subfield code="w">2016-01-26</subfield>
    <subfield code="y">CR</subfield>
    <subfield code="A">11</subfield>
    <subfield code="D">1998</subfield>
    <subfield code="E">53</subfield>
    <subfield code="F">234</subfield>
    <subfield code="I">INV2018</subfield>
  </datafield>
  <datafield tag="952" ind1=" " ind2=" ">
    <subfield code="0">0</subfield>
    <subfield code="1">0</subfield>
    <subfield code="4">0</subfield>
    <subfield code="7">0</subfield>
    <subfield code="8">HEM</subfield>
    <subfield code="9">60759</subfield>
    <subfield code="a">FUSBC</subfield>
    <subfield code="b">FUSBC</subfield>
    <subfield code="c">REV</subfield>
    <subfield code="d">2004-09-29</subfield>
    <subfield code="h">Tomo 2, Volumen 51 - 53,(1996-1998)</subfield>
    <subfield code="l">0</subfield>
    <subfield code="o"> </subfield>
    <subfield code="p">R0779</subfield>
    <subfield code="r">2019-12-12 00:00:00</subfield>
    <subfield code="t">Ej. 1</subfield>
    <subfield code="y">CR</subfield>
    <subfield code="I">INV2023</subfield>
  </datafield>
  <datafield tag="952" ind1=" " ind2=" ">
    <subfield code="0">0</subfield>
    <subfield code="1">0</subfield>
    <subfield code="4">0</subfield>
    <subfield code="7">0</subfield>
    <subfield code="8">HEM</subfield>
    <subfield code="9">60760</subfield>
    <subfield code="a">FUSBC</subfield>
    <subfield code="b">FUSBC</subfield>
    <subfield code="d">2004-09-29</subfield>
    <subfield code="h">A&#xF1;o 1995. Volumen 50. Numero 220</subfield>
    <subfield code="l">0</subfield>
    <subfield code="o"> </subfield>
    <subfield code="p">R777</subfield>
    <subfield code="r">2018-12-04 00:00:00</subfield>
    <subfield code="w">2016-01-26</subfield>
    <subfield code="y">CR</subfield>
    <subfield code="A">11</subfield>
    <subfield code="D">1995</subfield>
    <subfield code="E">50</subfield>
    <subfield code="F">220</subfield>
    <subfield code="I">INV2022</subfield>
  </datafield>
  <datafield tag="952" ind1=" " ind2=" ">
    <subfield code="0">0</subfield>
    <subfield code="1">0</subfield>
    <subfield code="4">0</subfield>
    <subfield code="7">0</subfield>
    <subfield code="8">HEM</subfield>
    <subfield code="9">60761</subfield>
    <subfield code="a">FUSBC</subfield>
    <subfield code="b">FUSBC</subfield>
    <subfield code="d">2004-09-29</subfield>
    <subfield code="h">A&#xF1;o 1995. Volumen 50. Numero 219</subfield>
    <subfield code="l">0</subfield>
    <subfield code="o"> </subfield>
    <subfield code="p">R776</subfield>
    <subfield code="r">2018-12-04 00:00:00</subfield>
    <subfield code="w">2016-01-26</subfield>
    <subfield code="y">CR</subfield>
    <subfield code="A">11</subfield>
    <subfield code="D">1995</subfield>
    <subfield code="E">50</subfield>
    <subfield code="F">219</subfield>
    <subfield code="I">INV2018</subfield>
  </datafield>
  <datafield tag="952" ind1=" " ind2=" ">
    <subfield code="0">0</subfield>
    <subfield code="1">0</subfield>
    <subfield code="4">0</subfield>
    <subfield code="7">0</subfield>
    <subfield code="8">HEM</subfield>
    <subfield code="9">60762</subfield>
    <subfield code="a">FUSBC</subfield>
    <subfield code="b">FUSBC</subfield>
    <subfield code="d">2004-09-29</subfield>
    <subfield code="h">A&#xF1;o 1995. Volumen 50. Numero 218</subfield>
    <subfield code="l">0</subfield>
    <subfield code="o"> </subfield>
    <subfield code="p">R775</subfield>
    <subfield code="r">2018-12-04 00:00:00</subfield>
    <subfield code="w">2016-01-26</subfield>
    <subfield code="y">CR</subfield>
    <subfield code="A">11</subfield>
    <subfield code="D">1995</subfield>
    <subfield code="E">50</subfield>
    <subfield code="F">218</subfield>
    <subfield code="I">INV2018</subfield>
  </datafield>
  <datafield tag="952" ind1=" " ind2=" ">
    <subfield code="0">0</subfield>
    <subfield code="1">0</subfield>
    <subfield code="4">0</subfield>
    <subfield code="7">0</subfield>
    <subfield code="8">HEM</subfield>
    <subfield code="9">60763</subfield>
    <subfield code="a">FUSBC</subfield>
    <subfield code="b">FUSBC</subfield>
    <subfield code="d">2004-09-29</subfield>
    <subfield code="h">A&#xF1;o 1995. Volumen 50. Numero 217</subfield>
    <subfield code="l">0</subfield>
    <subfield code="o"> </subfield>
    <subfield code="p">R774</subfield>
    <subfield code="r">2018-12-04 00:00:00</subfield>
    <subfield code="w">2016-01-26</subfield>
    <subfield code="y">CR</subfield>
    <subfield code="A">11</subfield>
    <subfield code="D">1995</subfield>
    <subfield code="E">50</subfield>
    <subfield code="F">217</subfield>
    <subfield code="I">INV2018</subfield>
  </datafield>
  <datafield tag="952" ind1=" " ind2=" ">
    <subfield code="0">0</subfield>
    <subfield code="1">0</subfield>
    <subfield code="4">0</subfield>
    <subfield code="7">0</subfield>
    <subfield code="8">HEM</subfield>
    <subfield code="9">60764</subfield>
    <subfield code="a">FUSBC</subfield>
    <subfield code="b">FUSBC</subfield>
    <subfield code="d">2004-09-29</subfield>
    <subfield code="h">A&#xF1;o 1995. Volumen 50. Numero 216</subfield>
    <subfield code="l">0</subfield>
    <subfield code="o"> </subfield>
    <subfield code="p">R773</subfield>
    <subfield code="r">2018-12-04 00:00:00</subfield>
    <subfield code="w">2016-01-26</subfield>
    <subfield code="y">CR</subfield>
    <subfield code="A">11</subfield>
    <subfield code="D">1995</subfield>
    <subfield code="E">50</subfield>
    <subfield code="F">216</subfield>
    <subfield code="I">INV2018</subfield>
  </datafield>
  <datafield tag="952" ind1=" " ind2=" ">
    <subfield code="0">0</subfield>
    <subfield code="1">0</subfield>
    <subfield code="4">0</subfield>
    <subfield code="7">0</subfield>
    <subfield code="8">HEM</subfield>
    <subfield code="9">60765</subfield>
    <subfield code="a">FUSBC</subfield>
    <subfield code="b">FUSBC</subfield>
    <subfield code="d">2004-09-29</subfield>
    <subfield code="h">A&#xF1;o 1994. Volumen 49. Numero 215</subfield>
    <subfield code="l">0</subfield>
    <subfield code="o"> </subfield>
    <subfield code="p">R772</subfield>
    <subfield code="r">2018-12-04 00:00:00</subfield>
    <subfield code="w">2016-01-26</subfield>
    <subfield code="y">CR</subfield>
    <subfield code="A">11</subfield>
    <subfield code="D">1994</subfield>
    <subfield code="E">49</subfield>
    <subfield code="F">215</subfield>
    <subfield code="I">INV2018</subfield>
  </datafield>
  <datafield tag="952" ind1=" " ind2=" ">
    <subfield code="0">0</subfield>
    <subfield code="1">0</subfield>
    <subfield code="4">0</subfield>
    <subfield code="7">0</subfield>
    <subfield code="8">HEM</subfield>
    <subfield code="9">60766</subfield>
    <subfield code="a">FUSBC</subfield>
    <subfield code="b">FUSBC</subfield>
    <subfield code="d">2004-09-29</subfield>
    <subfield code="h">A&#xF1;o 1994. Volumen 49. Numero 213</subfield>
    <subfield code="l">0</subfield>
    <subfield code="o"> </subfield>
    <subfield code="p">R771</subfield>
    <subfield code="r">2018-12-04 00:00:00</subfield>
    <subfield code="w">2016-01-26</subfield>
    <subfield code="y">CR</subfield>
    <subfield code="A">11</subfield>
    <subfield code="D">1994</subfield>
    <subfield code="E">49</subfield>
    <subfield code="F">213</subfield>
    <subfield code="I">INV2018</subfield>
  </datafield>
  <datafield tag="952" ind1=" " ind2=" ">
    <subfield code="0">0</subfield>
    <subfield code="1">0</subfield>
    <subfield code="4">0</subfield>
    <subfield code="7">0</subfield>
    <subfield code="8">HEM</subfield>
    <subfield code="9">60767</subfield>
    <subfield code="a">FUSBC</subfield>
    <subfield code="b">FUSBC</subfield>
    <subfield code="d">2004-09-29</subfield>
    <subfield code="h">A&#xF1;o 1991. Volumen 46. Numero 198</subfield>
    <subfield code="l">0</subfield>
    <subfield code="o"> </subfield>
    <subfield code="p">R770</subfield>
    <subfield code="r">2018-12-04 00:00:00</subfield>
    <subfield code="w">2016-01-26</subfield>
    <subfield code="y">CR</subfield>
    <subfield code="A">11</subfield>
    <subfield code="D">1991</subfield>
    <subfield code="E">46</subfield>
    <subfield code="F">198</subfield>
    <subfield code="I">INV2018</subfield>
  </datafield>
  <datafield tag="952" ind1=" " ind2=" ">
    <subfield code="0">0</subfield>
    <subfield code="1">0</subfield>
    <subfield code="4">0</subfield>
    <subfield code="7">0</subfield>
    <subfield code="8">HEM</subfield>
    <subfield code="9">60768</subfield>
    <subfield code="a">FUSBC</subfield>
    <subfield code="b">FUSBC</subfield>
    <subfield code="c">REV</subfield>
    <subfield code="d">2004-09-29</subfield>
    <subfield code="h">Tomo 1, Volumen 46 - 50, (1991-1995)</subfield>
    <subfield code="l">0</subfield>
    <subfield code="o"> </subfield>
    <subfield code="p">R0778</subfield>
    <subfield code="r">2019-12-12 00:00:00</subfield>
    <subfield code="t">Ej. 1</subfield>
    <subfield code="y">CR</subfield>
    <subfield code="I">INV2023</subfield>
  </datafield>
  <datafield tag="952" ind1=" " ind2=" ">
    <subfield code="0">0</subfield>
    <subfield code="1">0</subfield>
    <subfield code="4">0</subfield>
    <subfield code="7">0</subfield>
    <subfield code="8">HEM</subfield>
    <subfield code="9">60769</subfield>
    <subfield code="a">FUSBC</subfield>
    <subfield code="b">FUSBC</subfield>
    <subfield code="c">REV</subfield>
    <subfield code="d">2010-06-21</subfield>
    <subfield code="h">Volumen 64, N&#xFA;mero 289, (2009)</subfield>
    <subfield code="l">1</subfield>
    <subfield code="m">2</subfield>
    <subfield code="o"> </subfield>
    <subfield code="p">R0810</subfield>
    <subfield code="r">2021-04-21 00:00:00</subfield>
    <subfield code="s">2021-04-06</subfield>
    <subfield code="t">Ej. 1</subfield>
    <subfield code="y">CR</subfield>
    <subfield code="I">INV2023</subfield>
  </datafield>
  <datafield tag="952" ind1=" " ind2=" ">
    <subfield code="0">0</subfield>
    <subfield code="1">0</subfield>
    <subfield code="4">0</subfield>
    <subfield code="7">0</subfield>
    <subfield code="8">HEM</subfield>
    <subfield code="9">60770</subfield>
    <subfield code="a">FUSBC</subfield>
    <subfield code="b">FUSBC</subfield>
    <subfield code="c">REV</subfield>
    <subfield code="d">2008-12-01</subfield>
    <subfield code="h">Volumen 49, N&#xFA;mero 210, (1994)</subfield>
    <subfield code="l">0</subfield>
    <subfield code="o"> </subfield>
    <subfield code="p">R0790</subfield>
    <subfield code="r">2019-12-12 00:00:00</subfield>
    <subfield code="t">Ej. 1</subfield>
    <subfield code="y">CR</subfield>
    <subfield code="I">INV2023</subfield>
  </datafield>
  <datafield tag="952" ind1=" " ind2=" ">
    <subfield code="0">0</subfield>
    <subfield code="1">0</subfield>
    <subfield code="4">0</subfield>
    <subfield code="7">0</subfield>
    <subfield code="8">HEM</subfield>
    <subfield code="9">60771</subfield>
    <subfield code="a">FUSBC</subfield>
    <subfield code="b">FUSBC</subfield>
    <subfield code="c">REV</subfield>
    <subfield code="d">2008-12-01</subfield>
    <subfield code="h">Volumen 48, N&#xFA;mero 209, (1993)</subfield>
    <subfield code="l">0</subfield>
    <subfield code="o"> </subfield>
    <subfield code="p">R0789</subfield>
    <subfield code="r">2019-12-12 00:00:00</subfield>
    <subfield code="t">Ej. 1</subfield>
    <subfield code="y">CR</subfield>
    <subfield code="I">INV2023</subfield>
  </datafield>
  <datafield tag="952" ind1=" " ind2=" ">
    <subfield code="0">0</subfield>
    <subfield code="1">0</subfield>
    <subfield code="4">0</subfield>
    <subfield code="7">0</subfield>
    <subfield code="8">HEM</subfield>
    <subfield code="9">60772</subfield>
    <subfield code="a">FUSBC</subfield>
    <subfield code="b">FUSBC</subfield>
    <subfield code="c">REV</subfield>
    <subfield code="d">2008-12-01</subfield>
    <subfield code="h">Volumen 48, N&#xFA;mero 205, (1993)</subfield>
    <subfield code="l">0</subfield>
    <subfield code="o"> </subfield>
    <subfield code="p">R0788</subfield>
    <subfield code="r">2019-12-12 00:00:00</subfield>
    <subfield code="t">Ej. 1</subfield>
    <subfield code="y">CR</subfield>
    <subfield code="I">INV2023</subfield>
  </datafield>
  <datafield tag="952" ind1=" " ind2=" ">
    <subfield code="0">0</subfield>
    <subfield code="1">0</subfield>
    <subfield code="4">0</subfield>
    <subfield code="7">0</subfield>
    <subfield code="8">HEM</subfield>
    <subfield code="9">60773</subfield>
    <subfield code="a">FUSBC</subfield>
    <subfield code="b">FUSBC</subfield>
    <subfield code="c">REV</subfield>
    <subfield code="d">2008-12-01</subfield>
    <subfield code="h">Volumen 47, N&#xFA;mero 200, (1992)</subfield>
    <subfield code="l">0</subfield>
    <subfield code="o"> </subfield>
    <subfield code="p">R0787</subfield>
    <subfield code="r">2019-12-12 00:00:00</subfield>
    <subfield code="t">Ej. 1</subfield>
    <subfield code="y">CR</subfield>
    <subfield code="I">INV2023</subfield>
  </datafield>
  <datafield tag="952" ind1=" " ind2=" ">
    <subfield code="0">0</subfield>
    <subfield code="1">0</subfield>
    <subfield code="4">0</subfield>
    <subfield code="7">0</subfield>
    <subfield code="8">HEM</subfield>
    <subfield code="9">60774</subfield>
    <subfield code="a">FUSBC</subfield>
    <subfield code="b">FUSBC</subfield>
    <subfield code="c">REV</subfield>
    <subfield code="d">2008-12-01</subfield>
    <subfield code="h">Volumen 46, N&#xFA;mero 199, (1992)</subfield>
    <subfield code="l">0</subfield>
    <subfield code="o"> </subfield>
    <subfield code="p">R0786</subfield>
    <subfield code="r">2019-12-12 00:00:00</subfield>
    <subfield code="t">Ej. 1</subfield>
    <subfield code="y">CR</subfield>
    <subfield code="I">INV2023</subfield>
  </datafield>
  <datafield tag="952" ind1=" " ind2=" ">
    <subfield code="0">0</subfield>
    <subfield code="1">0</subfield>
    <subfield code="4">0</subfield>
    <subfield code="7">0</subfield>
    <subfield code="8">HEM</subfield>
    <subfield code="9">60775</subfield>
    <subfield code="a">FUSBC</subfield>
    <subfield code="b">FUSBC</subfield>
    <subfield code="c">REV</subfield>
    <subfield code="d">2008-12-01</subfield>
    <subfield code="h">Volumen 45, N&#xFA;mero 195, (1990)</subfield>
    <subfield code="l">0</subfield>
    <subfield code="o"> </subfield>
    <subfield code="p">R0785</subfield>
    <subfield code="r">2019-12-12 00:00:00</subfield>
    <subfield code="t">Ej. 1</subfield>
    <subfield code="y">CR</subfield>
    <subfield code="I">INV2023</subfield>
  </datafield>
  <datafield tag="952" ind1=" " ind2=" ">
    <subfield code="0">0</subfield>
    <subfield code="1">0</subfield>
    <subfield code="4">0</subfield>
    <subfield code="7">0</subfield>
    <subfield code="8">HEM</subfield>
    <subfield code="9">60776</subfield>
    <subfield code="a">FUSBC</subfield>
    <subfield code="b">FUSBC</subfield>
    <subfield code="c">REV</subfield>
    <subfield code="d">2008-12-01</subfield>
    <subfield code="h">Volumen 44, N&#xFA;mero 188, (1989)</subfield>
    <subfield code="l">0</subfield>
    <subfield code="o"> </subfield>
    <subfield code="p">R0784</subfield>
    <subfield code="r">2019-12-12 00:00:00</subfield>
    <subfield code="t">Ej. 1</subfield>
    <subfield code="y">CR</subfield>
    <subfield code="I">INV2023</subfield>
  </datafield>
  <datafield tag="952" ind1=" " ind2=" ">
    <subfield code="0">0</subfield>
    <subfield code="1">0</subfield>
    <subfield code="4">0</subfield>
    <subfield code="7">0</subfield>
    <subfield code="8">HEM</subfield>
    <subfield code="9">60777</subfield>
    <subfield code="a">FUSBC</subfield>
    <subfield code="b">FUSBC</subfield>
    <subfield code="c">REV</subfield>
    <subfield code="d">2008-12-01</subfield>
    <subfield code="h">Volumen 43, N&#xFA;mero 182, (1988)</subfield>
    <subfield code="l">0</subfield>
    <subfield code="o"> </subfield>
    <subfield code="p">R0783</subfield>
    <subfield code="r">2019-12-12 00:00:00</subfield>
    <subfield code="t">Ej. 1</subfield>
    <subfield code="y">CR</subfield>
    <subfield code="I">INV2023</subfield>
  </datafield>
  <datafield tag="952" ind1=" " ind2=" ">
    <subfield code="0">0</subfield>
    <subfield code="1">0</subfield>
    <subfield code="4">0</subfield>
    <subfield code="7">0</subfield>
    <subfield code="8">HEM</subfield>
    <subfield code="9">60778</subfield>
    <subfield code="a">FUSBC</subfield>
    <subfield code="b">FUSBC</subfield>
    <subfield code="c">REV</subfield>
    <subfield code="d">2008-03-06</subfield>
    <subfield code="h">Volumen 62, N&#xFA;mero 286 (2007)</subfield>
    <subfield code="l">2</subfield>
    <subfield code="o"> </subfield>
    <subfield code="p">R0809</subfield>
    <subfield code="r">2021-03-30 00:00:00</subfield>
    <subfield code="s">2021-03-24</subfield>
    <subfield code="t">Ej. 1</subfield>
    <subfield code="y">CR</subfield>
    <subfield code="I">INV2023</subfield>
  </datafield>
  <datafield tag="952" ind1=" " ind2=" ">
    <subfield code="0">0</subfield>
    <subfield code="1">0</subfield>
    <subfield code="4">0</subfield>
    <subfield code="7">0</subfield>
    <subfield code="8">HEM</subfield>
    <subfield code="9">60779</subfield>
    <subfield code="a">FUSBC</subfield>
    <subfield code="b">FUSBC</subfield>
    <subfield code="c">REV</subfield>
    <subfield code="d">2008-03-06</subfield>
    <subfield code="h">Volumen 62, N&#xFA;mero 285, (2007)</subfield>
    <subfield code="l">1</subfield>
    <subfield code="m">2</subfield>
    <subfield code="o"> </subfield>
    <subfield code="p">R0808</subfield>
    <subfield code="r">2024-01-17 00:00:00</subfield>
    <subfield code="s">2023-11-30</subfield>
    <subfield code="t">Ej. 1</subfield>
    <subfield code="y">CR</subfield>
    <subfield code="I">INV2023</subfield>
  </datafield>
  <datafield tag="952" ind1=" " ind2=" ">
    <subfield code="0">0</subfield>
    <subfield code="1">0</subfield>
    <subfield code="4">0</subfield>
    <subfield code="7">0</subfield>
    <subfield code="8">HEM</subfield>
    <subfield code="9">60780</subfield>
    <subfield code="a">FUSBC</subfield>
    <subfield code="b">FUSBC</subfield>
    <subfield code="c">REV</subfield>
    <subfield code="d">2007-07-17</subfield>
    <subfield code="h">Volumen 62, N&#xFA;mero 284, (2007)</subfield>
    <subfield code="l">1</subfield>
    <subfield code="o"> </subfield>
    <subfield code="p">R0807</subfield>
    <subfield code="r">2023-09-07 00:00:00</subfield>
    <subfield code="s">2020-03-03</subfield>
    <subfield code="t">Ej. 1</subfield>
    <subfield code="y">CR</subfield>
    <subfield code="I">INV2023</subfield>
  </datafield>
  <datafield tag="952" ind1=" " ind2=" ">
    <subfield code="0">0</subfield>
    <subfield code="1">0</subfield>
    <subfield code="4">0</subfield>
    <subfield code="7">0</subfield>
    <subfield code="8">HEM</subfield>
    <subfield code="9">60781</subfield>
    <subfield code="a">FUSBC</subfield>
    <subfield code="b">FUSBC</subfield>
    <subfield code="c">REV</subfield>
    <subfield code="d">2007-07-17</subfield>
    <subfield code="h">Volumen 61, N&#xFA;mero 283, (2006)</subfield>
    <subfield code="l">0</subfield>
    <subfield code="o"> </subfield>
    <subfield code="p">R0806</subfield>
    <subfield code="r">2019-12-12 00:00:00</subfield>
    <subfield code="t">Ej. 1</subfield>
    <subfield code="y">CR</subfield>
    <subfield code="I">INV2022</subfield>
  </datafield>
  <datafield tag="952" ind1=" " ind2=" ">
    <subfield code="0">0</subfield>
    <subfield code="1">0</subfield>
    <subfield code="4">0</subfield>
    <subfield code="7">0</subfield>
    <subfield code="8">HEM</subfield>
    <subfield code="9">60782</subfield>
    <subfield code="a">FUSBC</subfield>
    <subfield code="b">FUSBC</subfield>
    <subfield code="c">REV</subfield>
    <subfield code="d">2007-02-02</subfield>
    <subfield code="h">Volumen 61, N&#xFA;mero 280, (2006)</subfield>
    <subfield code="l">0</subfield>
    <subfield code="o"> </subfield>
    <subfield code="p">R0805</subfield>
    <subfield code="r">2019-12-12 00:00:00</subfield>
    <subfield code="t">Ej. 1</subfield>
    <subfield code="y">CR</subfield>
    <subfield code="I">INV2023</subfield>
  </datafield>
  <datafield tag="952" ind1=" " ind2=" ">
    <subfield code="0">0</subfield>
    <subfield code="1">0</subfield>
    <subfield code="4">0</subfield>
    <subfield code="7">0</subfield>
    <subfield code="8">HEM</subfield>
    <subfield code="9">60783</subfield>
    <subfield code="a">FUSBC</subfield>
    <subfield code="b">FUSBC</subfield>
    <subfield code="c">REV</subfield>
    <subfield code="d">2006-11-17</subfield>
    <subfield code="h">Volumen 61, N&#xFA;mero 279, (2006)</subfield>
    <subfield code="l">0</subfield>
    <subfield code="o"> </subfield>
    <subfield code="p">R0804</subfield>
    <subfield code="r">2019-12-12 00:00:00</subfield>
    <subfield code="t">Ej. 1</subfield>
    <subfield code="y">CR</subfield>
    <subfield code="I">INV2023</subfield>
  </datafield>
  <datafield tag="952" ind1=" " ind2=" ">
    <subfield code="0">0</subfield>
    <subfield code="1">0</subfield>
    <subfield code="4">0</subfield>
    <subfield code="7">0</subfield>
    <subfield code="8">HEM</subfield>
    <subfield code="9">60784</subfield>
    <subfield code="a">FUSBC</subfield>
    <subfield code="b">FUSBC</subfield>
    <subfield code="c">REV</subfield>
    <subfield code="d">2006-11-17</subfield>
    <subfield code="h"> Volumen 61, N&#xFA;mero 278, (2006)</subfield>
    <subfield code="l">1</subfield>
    <subfield code="o"> </subfield>
    <subfield code="p">R0803</subfield>
    <subfield code="r">2019-12-12 00:00:00</subfield>
    <subfield code="s">2019-05-20</subfield>
    <subfield code="t">Ej. 1</subfield>
    <subfield code="y">CR</subfield>
    <subfield code="I">INV2023</subfield>
  </datafield>
  <datafield tag="952" ind1=" " ind2=" ">
    <subfield code="0">0</subfield>
    <subfield code="1">0</subfield>
    <subfield code="4">0</subfield>
    <subfield code="7">0</subfield>
    <subfield code="8">HEM</subfield>
    <subfield code="9">60785</subfield>
    <subfield code="a">FUSBC</subfield>
    <subfield code="b">FUSBC</subfield>
    <subfield code="c">REV</subfield>
    <subfield code="d">2006-11-17</subfield>
    <subfield code="h">Volumen 60, N&#xFA;mero 277, (2005)</subfield>
    <subfield code="l">0</subfield>
    <subfield code="o"> </subfield>
    <subfield code="p">R0802</subfield>
    <subfield code="r">2019-12-12 00:00:00</subfield>
    <subfield code="t">Ej. 1</subfield>
    <subfield code="y">CR</subfield>
    <subfield code="I">INV2023</subfield>
  </datafield>
  <datafield tag="952" ind1=" " ind2=" ">
    <subfield code="0">0</subfield>
    <subfield code="1">0</subfield>
    <subfield code="4">0</subfield>
    <subfield code="7">0</subfield>
    <subfield code="8">HEM</subfield>
    <subfield code="9">60786</subfield>
    <subfield code="a">FUSBC</subfield>
    <subfield code="b">FUSBC</subfield>
    <subfield code="c">AV</subfield>
    <subfield code="d">2005-02-03</subfield>
    <subfield code="h">A&#xF1;o 1995. Volumen 50. Numero 221</subfield>
    <subfield code="l">0</subfield>
    <subfield code="o"> </subfield>
    <subfield code="p">R14920</subfield>
    <subfield code="r">2018-12-04 00:00:00</subfield>
    <subfield code="t">1</subfield>
    <subfield code="y">CR</subfield>
    <subfield code="I">INV2018</subfield>
  </datafield>
  <datafield tag="952" ind1=" " ind2=" ">
    <subfield code="0">0</subfield>
    <subfield code="1">0</subfield>
    <subfield code="4">0</subfield>
    <subfield code="7">0</subfield>
    <subfield code="8">HEM</subfield>
    <subfield code="9">60787</subfield>
    <subfield code="a">FUSBC</subfield>
    <subfield code="b">FUSBC</subfield>
    <subfield code="c">REV</subfield>
    <subfield code="d">2005-01-17</subfield>
    <subfield code="h">Volumen 59, N&#xFA;mero 271, (2004)</subfield>
    <subfield code="l">0</subfield>
    <subfield code="o"> </subfield>
    <subfield code="p">R0801</subfield>
    <subfield code="r">2019-12-12 00:00:00</subfield>
    <subfield code="t">Ej. 1</subfield>
    <subfield code="y">CR</subfield>
    <subfield code="I">INV2023</subfield>
  </datafield>
  <datafield tag="999" ind1=" " ind2=" ">
    <subfield code="c">49465</subfield>
    <subfield code="d">49465</subfield>
  </datafield>
</record>
